| 000 | 01736cam a2200481 4500 | ||
|---|---|---|---|
| 003 | PE-LiUPU | ||
| 005 | 20250822091817.0 | ||
| 020 | _a0664224466 | ||
| 035 | _a(Sirsi) i9780664224462 | ||
| 035 | _a(Sirsi) 47908 | ||
| 035 | _a(Sirsi) 47908 | ||
| 041 | _aen | ||
| 044 | _aus | ||
| 082 | 0 | 4 |
_a234.7 _bK94 |
| 100 | 1 | _aKüng, Hans | |
| 245 |
_aJustificatio : _bthe doctrine of Karl Barth and a catholic reflection / _cHans Küng. |
||
| 264 | 1 |
_aLouisville, Kentucky : _bWestminster John Knox Press, _c2004 |
|
| 300 |
_a332 páginas ; _c22 cm. |
||
| 504 | _aIncluye bibliografía | ||
| 505 | 0 | _aKarl Barth's Theology of justication -- Justification and Salvation-History -- The achievement of justification -- An attempt at a Catholic response -- Fundamentals -- The reality of justification. | |
| 526 | _aSEG42 | ||
| 526 | _aSEG41 | ||
| 526 | _aSEG40 | ||
| 526 | _aSEG39 | ||
| 526 | _aP94 | ||
| 526 | _aP87 | ||
| 526 | _aP86 | ||
| 526 | _aP85 | ||
| 526 | _aP77 | ||
| 526 | _aP76 | ||
| 526 | _aP35 | ||
| 600 |
_aBarth, Karl _d1886-1968 |
||
| 610 | 0 |
_aIglesia Católica _xDoctrinas. _9508 |
|
| 650 | 1 | 4 |
_aJustificación (teología cristiana) _xHistoria de las doctrinas _ySiglo XX |
| 650 | 1 | 4 |
_aJustificación (teología cristiana) _91185 |
| 942 |
_2ddc _cBOOK |
||
| 949 |
_a234.7 K94 _i65734 _lCCODEBUL1 _mBUL _tLIBRO _o.STAFF. Colección General |
||
| 859 |
_q65734 _h234.7 _iK94 |
||
| 910 |
_agl _bjv _clch _d20121119 |
||
| 596 | _a1 | ||
| 999 |
_a234.7 K94 _wDEWEY _c54157 _i65734 _d54157 _f2021-11-10 _g5 _lCCODEBUL1 _mBUL _p106.00 _q1 _r0 _sY _tBOOK _u2015-7-6 _xTEOLOGIA _PP35 _0COMPRA _o.STAFF. Colección General |
||
| 980 |
_818226 _gJaime Vilcazán Jefe de Análisis Documental |
||